000 00294nam a22001337a 4500
008 170914b xxu||||| |||| 00| 0 eng d
020 _a9780941188104
041 _aeng
080 _a7
100 _a44
101 _aART
245 _aFILM DIRECTING SHOT BY SHOT
_cKATZ, S.D
942 _2udc
_cBK
999 _c27492
_d27492